<?xml version="1.0" encoding="UTF-8"?>
<collection xmlns="http://www.loc.gov/MARC21/slim">
    <record>
        <controlfield tag="001">11769</controlfield>
        <controlfield tag="005">20170831220501.0</controlfield>
        <datafield tag="037" ind1=" " ind2=" ">
            <subfield code="a">TAZ-TFM-2013-639</subfield>
        </datafield>
        <datafield tag="041" ind1=" " ind2=" ">
            <subfield code="a">spa</subfield>
        </datafield>
        <datafield tag="100" ind1="1" ind2=" ">
            <subfield code="a">Jariod Ferrer, Ursula Maria</subfield>
        </datafield>
        <datafield tag="245" ind1="0" ind2="0">
            <subfield code="a">Revisión epidemiológica de las fracturas de mandíbula tratadas quirúrgicamente en el Hospital Universitario Miguel Servet, Zaragoza, durante el periodo de  2010-2012</subfield>
        </datafield>
        <datafield tag="260" ind1=" " ind2=" ">
            <subfield code="a">Zaragoza</subfield>
            <subfield code="b">Universidad de Zaragoza</subfield>
            <subfield code="c">2013</subfield>
        </datafield>
        <datafield tag="506" ind1=" " ind2=" ">
            <subfield code="a">by-nc-sa</subfield>
            <subfield code="b">Creative Commons</subfield>
            <subfield code="c">3.0</subfield>
            <subfield code="u">http://creativecommons.org/licenses/by-nc-sa/3.0/</subfield>
        </datafield>
        <datafield tag="520" ind1=" " ind2=" ">
            <subfield code="a">Introducción: El trauma maxilofacial, donde se incluye el traumatismo del tercio inferior facial, constituye un problema de relevancia dentro de los servicios de urgencia. El particular interés se debe a la alta incidencia y diversidad de estas lesiones. Este tipo de trauma se acompaña, en general, de una morbilidad asociada, pérdida de la función, desfiguramiento y un coste importante. El manejo del trauma maxilofacial incluye el tratamiento de los huesos fracturados, el trauma dentoalveolar y las heridas de tejidos blandos, así como el tratamiento de las lesiones asociadas, principalmente, de la cabeza y cuello. Existen numerosos estudios donde se ha revisado la epidemiología de las fracturas del tercio inferior facial, encontrándose resultados distintos según las diferencias geográficas, culturales, estilos de vida, densidad poblacional y estatus socioeconómico. Objetivo: Conocer la epidemiología de las fracturas de mandíbula tratadas quirúrgicamente en el servicio de Cirugía Oral y Maxilofacial del HUMS.</subfield>
        </datafield>
        <datafield tag="521" ind1=" " ind2=" ">
            <subfield code="a">Máster Universitario en Iniciación a la Investigación en Medicina</subfield>
        </datafield>
        <datafield tag="540" ind1=" " ind2=" ">
            <subfield code="a">Derechos regulados por licencia Creative Commons</subfield>
        </datafield>
        <datafield tag="653" ind1="1" ind2=" ">
            <subfield code="a">epidemiología</subfield>
        </datafield>
        <datafield tag="653" ind1="1" ind2=" ">
            <subfield code="a">fracturas de mandibula</subfield>
        </datafield>
        <datafield tag="700" ind1=" " ind2=" ">
            <subfield code="a">Saura Fillat, Esther</subfield>
            <subfield code="e">dir.</subfield>
        </datafield>
        <datafield tag="700" ind1=" " ind2=" ">
            <subfield code="a">Carranza Martinez, Jose Mario</subfield>
            <subfield code="e">dir.</subfield>
        </datafield>
        <datafield tag="700" ind1=" " ind2=" ">
            <subfield code="a">García Tirado, Francisco Javier</subfield>
            <subfield code="e">dir.</subfield>
        </datafield>
        <datafield tag="710" ind1="2" ind2=" ">
            <subfield code="a">Universidad de Zaragoza</subfield>
            <subfield code="b">Cirugía, Ginecología y Obstetricia</subfield>
            <subfield code="c"></subfield>
        </datafield>
        <datafield tag="856" ind1="0" ind2=" ">
            <subfield code="f">551460@celes.unizar.es</subfield>
        </datafield>
        <datafield tag="856" ind1="4" ind2=" ">
            <subfield code="s">690342</subfield>
            <subfield code="u">http://zaguan.unizar.es/record/11769/files/TAZ-TFM-2013-639.pdf</subfield>
            <subfield code="y">Memoria (spa)</subfield>
        </datafield>
        <datafield tag="909" ind1="C" ind2="O">
            <subfield code="o">oai:zaguan.unizar.es:11769</subfield>
            <subfield code="p">driver</subfield>
            <subfield code="p">trabajos-fin-master</subfield>
        </datafield>
        <datafield tag="950" ind1=" " ind2=" ">
            <subfield code="a"></subfield>
        </datafield>
        <datafield tag="980" ind1=" " ind2=" ">
            <subfield code="a">TAZ</subfield>
            <subfield code="b">TFM</subfield>
            <subfield code="c">MED</subfield>
        </datafield>
    </record>

    
</collection>